000 00398nam a22001337a 4500
003 SGT
020 _a9789388188284
082 _a891.4309
_bB18T
100 _aतिवारी, अर्जुन
245 _aभोजपुरी हिंदी अंग्रेजी शब्दकोष
260 _bराजकमल प्रकाशन
_c2018
300 _a600
942 _2ddc
_cBK
999 _c31425
_d31425